Normal view
MARC view
Entry Topical Term
001 - CONTROL NUMBER
- control field: 15534
003 - CONTROL NUMBER IDENTIFIER
- control field: OSt
005 - DATE AND TIME OF LATEST TRANSACTION
- control field: 20260418131349.0
008 - FIXED-LENGTH DATA ELEMENTS
- fixed length control field: 260418|| aca||aabn | a|a d
040 ## - CATALOGING SOURCE
- Original cataloging agency: OSt
- Transcribing agency: OSt
150 ## - HEADING--TOPICAL TERM
- Topical term or geographic name entry element: vocabulary strategies
670 ## - SOURCE DATA FOUND
- Source citation: Work cat.: (OSt)5760: Pasco, Coleen D. 1517 author., Unlocking difficult words :$bteachers' use of vocabulary strategies [thesis /
